Wszystkie dworce kolejowe Łodzi na mapie - Statystyki

Ogólne statystyki
  • Ten quiz został rozwiązany 93 razy
  • Średni wynik to 10 z 25
Odpowiedzi na mapie
Odpowiedzi zakodowano w zielono-czerwonej skali na mapie do tego quizu, zgodnie z poniższymi procentami.
 
Statystyki odpowiedzi
Dworce % Poprawnych
Łódź Kaliska
95%
Łódź Fabryczna
92%
Łódź Widzew
90%
Łódź Chojny
66%
Łódź Retkinia
49%
Łódź Żabieniec
49%
Łódź Niciarniana
46%
Łódź Pabianicka
42%
Łódź Andrzejów
38%
Łódź Śródmieście / Zielona
37%
Łódź Radogoszcz Wschód
34%
Łódź Radogoszcz Zachód
34%
Łódź Lublinek
32%
Łódź Dąbrowa
30%
Łódź Marysin
30%
Łódź Olechów Wschód
29%
Łódź Warszawska
29%
Łódź Olechów Zachód
28%
Łódź Zarzew
27%
Łódź Koziny
25%
Łódź Andrzejów Szosa
22%
Łódź Stoki
22%
Łódź Olechów Wiadukt
20%
Łódź Arturówek
18%
Łódź Manufaktura / Ogrodowa
15%
Nie znaleziono quizów pasujących do podanych kryteriów
Rozkład punktacji
Procent ludzi z każdym wynikiem
Percentyl według liczby udzielonych odpowiedzi
Twoja historia wyników
Nie rozwiązałeś tego quizu